000 01114nam a22003617a 4500
001 BR0301236
003 BR-BrBNA
005 20230928101239.0
007 ta
008 230509b bl.||||| |||| 00| 0 por d
040 _aBR-BrBNA
_bpor
_cBiblioteca Nacional de Agricultura
041 _a(Por)
072 _aF08; F61
_b0810
_b3810
_b3820
090 _ 0810 BR0301236
100 1 _aSantos, R.N.C. dos
110 1 _aEscola Superior de Agricultura Luiz de Queiroz, Piracicaba, SP (Brasil)
_0Tese (Mestre em Agronomia)
245 1 _aAvaliações da relação K:N e híbridos de melão em cultivo hidropônico
260 3 _aPiracicaba, SP (Brasil):
_c2002.
300 _a98 p.
500 _aSummaries (Eng, Por); Bibliography p. 83-98; 22 illus.; 7 tables
650 _aMELÃO
650 _aHÍBRIDO
650 _aCULTIVO HIDROPÔNICO
650 _aPOTÁSSIO
650 _aNITROGÊNIO
650 _aSOLUÇÃO NUTRITIVA
650 _aABSORÇÃO DE NUTRIENTES
650 _aFRUTO
650 _aQUALIDADE
650 _aMÉTODO ESTATÍSTICO
909 _a202309
_bLucia
_c55
_dLucia Elande
942 _cBK
999 _c64913
_d64913